Mario Strikers Charged - Statistics

General Stats
  • This quiz has been taken 175 times
    110 since last reset
  • The average score is 11 of 12
Answer Stats
Answer % Correct
Mario
100%
Bowser
99%
Luigi
98%
Peach
98%
Daisy
97%
Wario
95%
Waluigi
93%
Donkey Kong
91%
Bowser Jr.
90%
Yoshi
89%
Diddy Kong
84%
Petey
61%
No matching quizzes found
Score Distribution
Percent of People with Each Score
Percentile by Number Answered
Your Score History
You have not taken this quiz since the last reset